| 000 -LEADER |
| fixed length control field |
00837nam a2200265za 4500 |
| 001 - CONTROL NUMBER |
| control field |
021809183 |
| 003 - CONTROL NUMBER IDENTIFIER |
| control field |
UkOxU |
| 005 - DATE AND TIME OF LATEST TRANSACTION |
| control field |
20230223105935.0 |
| 007 - PHYSICAL DESCRIPTION FIXED FIELD--GENERAL INFORMATION |
| fixed length control field |
ta |
| 008 - FIXED-LENGTH DATA ELEMENTS--GENERAL INFORMATION |
| fixed length control field |
190326e201905uuxxk j |||||||0|f eng|d |
| 020 ## - INTERNATIONAL STANDARD BOOK NUMBER |
| International Standard Book Number |
9781789058468 (hbk.) : |
| 035 ## - SYSTEM CONTROL NUMBER |
| System control number |
(UK-WkNB)9781789058468 |
| 035 ## - SYSTEM CONTROL NUMBER |
| System control number |
(StEdALDL)1/3808251 |
| 040 ## - CATALOGING SOURCE |
| Original cataloging agency |
UK-WkNB |
| Language of cataloging |
eng |
| Transcribing agency |
UK-WkNB |
| Modifying agency |
UkOxU |
| 049 ## - LOCAL HOLDINGS (OCLC) |
| Holding library |
CROBAR |
| 082 04 - DEWEY DECIMAL CLASSIFICATION NUMBER |
| Classification number |
FIC BON |
| 245 00 - TITLE STATEMENT |
| Title |
Marvel Avengers. |
| 260 ## - PUBLICATION, DISTRIBUTION, ETC. |
| Place of publication, distribution, etc. |
Sywell : |
| Name of publisher, distributor, etc. |
Autumn Publishing : |
| -- |
[distributor] Grantham Book Services Ltd : |
| -- |
[distributor] TL Distribution : |
| -- |
[distributor] Blue Duck Books, |
| Date of publication, distribution, etc. |
2019. |
| 300 ## - PHYSICAL DESCRIPTION |
| Extent |
72 p. |
| Other physical details |
1 volume (unpaged) |
| 366 ## - TRADE AVAILABILITY INFORMATION |
| Detailed date of publication |
20190501 |
| Availability status code |
IP 20190521 |
| Expected next availability date |
20190521 |
| ISO country code |
GB |
| MARC country code |
xxk |
| Source of availability status code |
UK-WkNB |
| 500 ## - GENERAL NOTE |
| General note |
Hardback. Hardback. |
| 650 ## - SUBJECT ADDED ENTRY--TOPICAL TERM |
| Topical term or geographic name entry element |
Children's story |
| 710 ## - ADDED ENTRY--CORPORATE NAME |
| Corporate name or jurisdiction name as entry element |
Bonnier Books UK |
| Relator term |
Publisher |
| 942 ## - ADDED ENTRY ELEMENTS (KOHA) |
| Source of classification or shelving scheme |
|
| Koha item type |
Books - Fiction |